|
|
|
|
| LEADER |
00000nam0a2200000 4500 |
| 001 |
351248 |
| 005 |
20231102010402.0 |
| 020 |
|
|
|a RU
|b 90-43231
|
| 035 |
|
|
|a (RuTPU)RU\TPU\retro\6190
|
| 090 |
|
|
|a 351248
|
| 100 |
|
|
|a 20190522d1990 m y0rusy5003 ca
|
| 101 |
0 |
|
|a rus
|
| 102 |
|
|
|a RU
|
| 105 |
|
|
|a a b 001zb
|
| 200 |
1 |
|
|a Валентин Серов. Офорт, литография
|e каталог выставки
|f Государственный русский музей ; сост. М. И. Зеликман , С. С. Шерман ; авт. предисл. Е. Ф. Ковтун
|
| 210 |
|
|
|a Ленинград
|c Государственный Русский музей
|d 1990
|
| 215 |
|
|
|a 46 с.
|c ил.
|d 30 см
|
| 320 |
|
|
|a Библиогр. в примеч.: с. 12, 14
|
| 606 |
1 |
|
|a Офорт
|2 stltpush
|3 (RuTPU)RU\TPU\subj\47868
|9 66777
|
| 606 |
1 |
|
|a Литография
|2 stltpush
|3 (RuTPU)RU\TPU\subj\40429
|9 60278
|
| 610 |
1 |
|
|a выставки
|
| 610 |
1 |
|
|a каталоги
|
| 610 |
1 |
|
|a гравюры
|
| 675 |
|
|
|a 762
|v 3
|
| 675 |
|
|
|a 763
|v 3
|
| 702 |
|
1 |
|a Зеликман
|b М. И.
|4 220
|
| 702 |
|
1 |
|a Шерман
|b С. С.
|4 220
|
| 702 |
|
1 |
|a Ковтун
|b Е. Ф.
|4 080
|
| 712 |
0 |
2 |
|a Государственный русский музей
|2 stltpush
|3 (RuTPU)RU\TPU\col\12490
|9 25433
|
| 801 |
|
0 |
|a RU
|b RuMRKP
|c 19960705
|g psbo
|
| 801 |
|
1 |
|a RU
|b 63413507
|c 20190522
|
| 801 |
|
2 |
|a RU
|b 63413507
|c 20190522
|g RCR
|
| 942 |
|
|
|c BK
|